Normal view MARC view
  • Mahum Jamil (319752)

Entry Personal Name

Number of records used in: 1

001 - CONTROL NUMBER

  • control field: 119468

003 - CONTROL NUMBER IDENTIFIER

  • control field: NUST

005 - DATE AND TIME OF LATEST TRANSACTION

  • control field: 20231205124420.0

008 - FIXED-LENGTH DATA ELEMENTS

  • fixed length control field: 231205|| aca||aabn | a|a d

040 ## - CATALOGING SOURCE

  • Original cataloging agency: NUST
  • Transcribing agency: NUST

100 ## - HEADING--PERSONAL NAME

  • Personal name: Mahum Jamil (319752)

670 ## - SOURCE DATA FOUND

  • Source citation: Work cat.: (NUST): Mahum Jamil (319752), High-Speed Fault Detection And Classification Method For Transmission Networks Using Hybridized Low Pass And Kalman Filtering Approach /
© 2023 Central Library, National University of Sciences and Technology. All Rights Reserved.